MARC

Tag First Indicator Second Indicator Subfields
LEADER 00000cam a2200000 a 4500
001 in00000018389
005 20151007053229.0
008 870514s1986 gr a b 00010 eng d
035 |a (OCoLC)15686140 
035 |9 AAB0880AM 
040 |a CUY  |c CUY  |d m/c  |d PIT  |d TXA  |d UtOrBLW 
041 1 |a eng  |h gre 
043 |a e-gr--- 
049 |a TXAM  |c [A10940495] 
050 4 |a ND2754.P37  |b K6413 1986 
100 1 |a Kollias, Ēlias. 
245 1 0 |a Patmos /  |c Elias Kollias ; [translation, Helen Zigada]. 
264 1 |a Athens, Greece :  |b "Melissa" Pub. House,  |c 1986. 
300 |a 40 pages :  |b illustrations (chiefly color) ;  |c 30 cm. 
336 |a text  |b txt  |2 rdacontent 
337 |a unmediated  |b n  |2 rdamedia 
338 |a volume  |b nc  |2 rdacarrier 
490 1 |a Byzantine art in Greece 
490 1 |a M library of art 
504 |a Includes bibliographies. 
650 0 |a Mural painting and decoration, Byzantine  |z Greece  |z Patmos Island. 
650 0 |a Mural painting and decoration, Medieval  |z Greece  |z Patmos Island. 
610 2 0 |a Hiera Monē Iōannou tou Theologou Patmou. 
651 0 |a Patmos Island (Greece)  |x Antiquities, Byzantine. 
651 0 |a Greece  |x Antiquities, Byzantine. 
830 0 |a Byzantine art in Greece. 
830 0 |a Library of art (Athens, Greece) 
999 |a MARS 
999 f f |s 34b2a294-e56f-3c8d-98ae-c553f5a6e5dd  |i 699eb704-9331-30a0-9de3-f2df3aedb938  |t 0 
952 f f |p normal  |a Texas A&M University  |b College Station  |c Sterling C. Evans Library  |d Evans: Library Stacks  |t 0  |e ND2754.P37 K6413 1986  |h Library of Congress classification  |i unmediated -- volume  |m A14810940495 
998 f f |a ND2754.P37 K6413 1986  |t 0  |l Evans: Library Stacks